000 00495nam a22001937a 4500
003 Ost
005 20250611210107.0
008 250526b |||||||| |||| 00| 0 eng d
020 _a0070173389
040 _cBT-PhCST
050 _a25355-25356
082 _222
_a681.221
_bDOE
100 _aDoebelin, Ernest O.
245 _aMeasurement systems :
_bapplications and design /
250 _a4 ed.
300 _a xxii, 9601 p. :
_bill. ;
_c24 cm.
500 _aIncludes Index.
942 _2ddc
_cMEC
999 _c10009
_d10009